[Event "Alekhine"]
[Site "Gatineau CAN"]
[Date "2023.02.28"]
[Round "7"]
[White "Latreille, Etienne"]
[Black "Arsenault, Michel"]
[Result "1-0"]
[WhiteElo "2082"]
[BlackElo "1888"]
[PlyCount "57"]
[EventDate "2023.01.17"]
[EventType "swiss"]
[EventRounds "7"]
[EventCountry "CAN"]
[TimeControl "90+30"]

1. e4 c5 2. Nf3 Nc6 3. Bb5 g6 4. O-O Bg7 5. c3 Nf6 6. Re1 O-O 7. d4 d5 8. e5
Ne4 9. Bxc6 bxc6 10. Be3 Qb6 11. Qc1 cxd4 12. cxd4 f6 13. exf6 Rxf6 14. Nbd2
Nxd2 15. Qxd2 Rxf3 16. gxf3 Bf5 17. Rac1 a5 18. Qc3 Rc8 19. Red1 e6 20. Bf4 Qb5
21. Qd2 c5 22. Rxc5 Rxc5 23. dxc5 Bxb2 24. c6 d4 25. c7 e5 26. Bxe5 Bc3 27. Qf4
Qe8 28. Rb1 Bxb1 29. Qf6 1-0

[Event "Alekhine"]
[Site "Gatineau CAN"]
[Date "2023.02.28"]
[Round "7"]
[White "Palsson, Halldor"]
[Black "Thompson, Francis"]
[Result "0-1"]
[WhiteElo "1920"]
[BlackElo "1741"]
[PlyCount "106"]
[EventDate "2023.01.17"]
[EventType "swiss"]
[EventRounds "7"]
[EventCountry "CAN"]
[TimeControl "90+30"]

1. d4 Nf6 2. c4 g6 3. Nc3 d5 4. cxd5 Nxd5 5. e4 Nxc3 6. bxc3 Bg7 7. Nf3 c5 8.
Bb5+ Nc6 9. d5 a6 10. Be2 Bxc3+ 11. Bd2 Bxa1 12. Qxa1 Nd4 13. Nxd4 cxd4 14.
Qxd4 O-O 15. Bc3 f6 16. f4 Bd7 17. e5 Bb5 18. Bf3 Rc8 19. d6 Bc6 20. O-O Bxf3
21. Rxf3 Rc6 22. dxe7 Qxe7 23. exf6 Rfxf6 24. Qd5+ Rf7 25. Kf1 Qd6 26. Qe4 Re7
27. Be5 Rc1+ 28. Kf2 Qd2+ 29. Kg3 Qe1+ 30. Qxe1 Rxe1 31. Rc3 Re2 32. a3 Kf7 33.
Kf3 Ra2 34. h3 Ke6 35. g3 Kd5 36. Kg4 Rf7 37. h4 b5 38. h5 gxh5+ 39. Kxh5 a5
40. g4 b4 41. axb4 axb4 42. Rc8 Rb7 43. Kg5 b3 44. Rd8+ Ke6 45. Rd6+ Kf7 46.
Rh6 Kg8 47. Rh1 Rc2 48. f5 b2 49. Rb1 Rb6 50. Bd4 h6+ 51. Kh4 Rb4 52. Be5 Re2
53. Bc3 Rb3 0-1

[Event "Alekhine"]
[Site "Gatineau CAN"]
[Date "2023.02.28"]
[Round "7"]
[White "Scantland, Patrick"]
[Black "MacIsaac, Alexandre"]
[Result "1/2-1/2"]
[WhiteElo "1709"]
[BlackElo "1681"]
[PlyCount "78"]
[EventDate "2023.01.17"]
[EventType "swiss"]
[EventRounds "7"]
[EventCountry "CAN"]
[TimeControl "90+30"]

1. d4 Nf6 2. c4 e6 3. Nf3 b6 4. g3 Bb7 5. Bg2 c5 6. O-O cxd4 7. Qxd4 Nc6 8. Qd1
Be7 9. Nc3 O-O 10. Bf4 Nh5 11. Bd6 Rc8 12. e4 Bxd6 13. Qxd6 Nf6 14. Rfd1 Na5
15. b3 Bxe4 16. Nxe4 Nxe4 17. Qxd7 Nc3 18. Rd2 Nc6 19. a3 Qf6 20. Re1 Rfd8 21.
Qb7 Na5 22. Rxd8+ Qxd8 23. Qa6 Nxb3 24. Ne5 Rc7 25. c5 Nxc5 26. Qf1 f6 27. Nc6
Qd2 28. Bf3 Kf7 29. Re3 Nd5 30. Bxd5 exd5 31. Nd8+ Kf8 32. Qb5 Re7 33. Rxe7
Kxe7 34. Nc6+ Kf7 35. Nxa7 Nd3 36. Qxb6 Qd1+ 37. Kg2 Ne1+ 38. Kf1 Nd3+ 39. Kg2
Nf4+ 1/2-1/2

[Event "Alekhine U1400"]
[Site "Gatineau CAN"]
[Date "2023.01.17"]
[Round "1"]
[White "Albert, Michel"]
[Black "Moraga, Hernan"]
[Result "0-1"]
[WhiteElo "1194"]
[BlackElo "1235"]
[PlyCount "76"]
[EventDate "2023.01.17"]
[EventType "swiss"]
[EventRounds "7"]
[EventCountry "CAN"]
[TimeControl "60+30"]

1. d4 e6 2. Nf3 c5 3. c3 Nc6 4. Bf4 d5 5. e3 a6 6. Nbd2 Nf6 7. Bd3 g6 8. h3 Bg7
9. Ne5 O-O 10. O-O Nd7 11. Ng4 Nf6 12. Nh6+ Bxh6 13. Bxh6 Re8 14. Qf3 e5 15.
Bg5 Kg7 16. e4 cxd4 17. c4 Qd6 18. cxd5 Nb4 19. Bb1 a5 20. Nc4 Qd8 21. a3 Na6
22. Ba2 Nc5 23. h4 b5 24. b4 Ncxe4 25. Qxe4 Nxe4 26. Bxd8 Rxd8 27. Nxe5 Nc3 28.
Bb1 Rxd5 29. Nf3 axb4 30. Bc2 Rxa3 31. Rae1 d3 32. Ne5 dxc2 33. g4 c1=Q 34.
Rxc1 Ne2+ 35. Kg2 Nxc1 36. Nf3 Bxg4 37. h5 Bxf3+ 38. Kg1 Rxh5 0-1

[Event "Alekhine U1400"]
[Site "Gatineau CAN"]
[Date "2023.01.17"]
[Round "1"]
[White "Arvisais, Eric"]
[Black "Gratton, Marcel"]
[Result "1/2-1/2"]
[WhiteElo "1185"]
[BlackElo "1137"]
[PlyCount "75"]
[EventDate "2023.01.17"]
[EventType "swiss"]
[EventRounds "7"]
[EventCountry "CAN"]
[TimeControl "60+30"]

1. d4 d5 2. c4 Nf6 3. Nc3 e6 4. a3 a6 5. Nf3 Bd6 6. Bg5 h6 7. Bh4 Nc6 8. e3 Be7
9. Bd3 b6 10. O-O Bb7 11. h3 Qd7 12. Re1 g5 13. Bg3 O-O-O 14. e4 Nh5 15. Ne5
Nxe5 16. Bxe5 f6 17. Qxh5 fxe5 18. dxe5 d4 19. Ne2 Qa4 20. Qf7 Qd7 21. Qh5 Rdf8
22. Rad1 Bc5 23. b4 Be7 24. Bc2 c5 25. bxc5 bxc5 26. Nc3 Bd8 27. Ba4 Qf7 28.
Qxf7 Rxf7 29. Ne2 Rhf8 30. f3 Ba5 31. Rf1 Bc7 32. Rb1 Bxe5 33. Rb6 Rd7 34. Rxe6
Re7 35. Rxe7 d3 36. Rxb7 dxe2 37. Re1 Bb8 38. Rxe2 1/2-1/2

[Event "Alekhine U1400"]
[Site "Gatineau CAN"]
[Date "2023.01.17"]
[Round "1"]
[White "De Carufel-Lebeau, Lucas"]
[Black "Laflamme, Mathieu"]
[Result "0-1"]
[WhiteElo "1266"]
[BlackElo "1230"]
[PlyCount "106"]
[EventDate "2023.01.17"]
[EventType "swiss"]
[EventRounds "7"]
[EventCountry "CAN"]
[TimeControl "1"]

1. e4 c6 2. Nf3 d5 3. Nc3 Bg4 4. Be2 e6 5. Ne5 Bxe2 6. Qxe2 Nf6 7. b3 Nbd7 8.
d3 Nxe5 9. exd5 Neg4 10. Bg5 cxd5 11. Bxf6 Nxf6 12. O-O Bd6 13. Nb5 Be5 14.
Qxe5 O-O 15. Rfd1 Re8 16. c4 Re7 17. Rdc1 dxc4 18. bxc4 Qxd3 19. Qc5 Qd8 20.
Rd1 Rd7 21. Rxd7 Qxd7 22. Nxa7 Rd8 23. h3 h6 24. Rb1 Ne4 25. Qe3 Qd4 26. Rxb7
Qxe3 27. fxe3 Ra8 28. a4 Nc5 29. Rc7 Nxa4 30. c5 Nxc5 31. Rxc5 Rxa7 32. Kf2 g5
33. g4 Kg7 34. Kf3 Kg6 35. Ke4 Ra4+ 36. Ke5 f6+ 37. Kxe6 Re4+ 38. Kd7 Rxe3 39.
Rf5 Kf7 40. Kd6 Rd3+ 41. Kc5 Rxh3 42. Kd4 h5 43. gxh5 Rxh5 44. Ke4 Kg6 45. Rd5
g4 46. Rd3 Kg5 47. Rd5+ Kh4 48. Rd6 f5+ 49. Kf4 g3 50. Rd1 g2 51. Kf3 Rg5 52.
Rg1 Kh3 53. Kf2 f4 0-1

[Event "Alekhine U1400"]
[Site "Gatineau CAN"]
[Date "2023.01.17"]
[Round "1"]
[White "Deschenes, Stephane"]
[Black "Boutin, Michel"]
[Result "0-1"]
[WhiteElo "1000"]
[BlackElo "1085"]
[PlyCount "58"]
[EventDate "2023.01.17"]
[EventType "swiss"]
[EventRounds "7"]
[EventCountry "CAN"]
[TimeControl "60+30"]

1. e4 e5 2. d4 Nc6 3. Nf3 d6 4. Nc3 Be6 5. d5 Nb4 6. Bb5+ Bd7 7. a3 Na6 8. Ng5
h6 9. Ne6 fxe6 10. dxe6 Bxb5 11. Nxb5 c6 12. Nc3 Nc5 13. Qg4 Nf6 14. Qh3 Qe7
15. Qf5 O-O-O 16. Be3 b6 17. O-O-O Nxe6 18. Na4 d5 19. Qxe5 dxe4 20. Nxb6+ axb6
21. Bxb6 Rd5 22. Qc3 c5 23. Qa5 Qb7 24. Rhe1 c4 25. Qb4 Bxb4 26. Rf1 Qxb6 27.
f3 Qe3+ 28. Kb1 Rxd1+ 29. Rxd1 Rd8 0-1

[Event "Alekhine U1400"]
[Site "Gatineau CAN"]
[Date "2023.01.17"]
[Round "1"]
[White "Filion, Jean"]
[Black "Vachon, Jean-Clement"]
[Result "0-1"]
[WhiteElo "900"]
[BlackElo "1190"]
[PlyCount "44"]
[EventDate "2023.01.17"]
[EventType "swiss"]
[EventRounds "7"]
[EventCountry "CAN"]
[TimeControl "60+30"]

1. e4 d5 2. Qf3 dxe4 3. Qxe4 Nf6 4. Qa4+ Bd7 5. Qf4 Nc6 6. Nf3 Bg4 7. Bb5 Qd5
8. c4 Qe6+ 9. Kf1 a6 10. Bxc6+ Qxc6 11. Ne5 Qd6 12. Nxg4 Qxf4 13. Nxf6+ Qxf6
14. Nc3 e6 15. Ne4 Qd4 16. f3 Qxc4+ 17. d3 Qxd3+ 18. Kf2 Qc2+ 19. Nd2 Bc5+ 20.
Kg3 Qg6+ 21. Kh3 Bf2 22. Ne4 Qh5# 0-1

[Event "Alekhine U1400"]
[Site "Gatineau CAN"]
[Date "2023.01.17"]
[Round "1"]
[White "Filion, Samuel"]
[Black "Chenard, Paul"]
[Result "1-0"]
[WhiteElo "1118"]
[BlackElo "905"]
[PlyCount "75"]
[EventDate "2023.01.17"]
[EventType "swiss"]
[EventRounds "7"]
[EventCountry "CAN"]
[TimeControl "60+30"]

1. e4 e5 2. Nf3 Nc6 3. Bc4 Bc5 4. c3 Nf6 5. b4 Bb6 6. d3 a5 7. a3 O-O 8. O-O h6
9. Bb5 d5 10. Bxc6 bxc6 11. exd5 Ng4 12. h3 Bxf2+ 13. Rxf2 Nxf2 14. Kxf2 Qf6
15. dxc6 Qxc6 16. Nxe5 Qf6+ 17. Nf3 Bb7 18. Be3 Rae8 19. Bd4 Qf4 20. Nbd2 Bxf3
21. Nxf3 Re7 22. Qd2 Qf5 23. Bc5 Re6 24. Bxf8 Kxf8 25. Re1 Rf6 26. Qe3 g5 27.
Qe5 Qf4 28. Qxf4 Rxf4 29. Re4 Rf5 30. Re5 Rf6 31. Rxa5 Rd6 32. d4 Rg6 33. Rc5
g4 34. Ne5 g3+ 35. Ke3 Rf6 36. Nd7+ Ke7 37. Nxf6 Kxf6 38. a4 1-0

[Event "Alekhine U1400"]
[Site "Gatineau CAN"]
[Date "2023.01.17"]
[Round "1"]
[White "Gratton, Constant"]
[Black "Simard, Paul"]
[Result "0-1"]
[WhiteElo "1233"]
[BlackElo "1268"]
[PlyCount "62"]
[EventDate "2023.01.17"]
[EventType "swiss"]
[EventRounds "7"]
[EventCountry "CAN"]
[TimeControl "60/30:0"]

1. e4 c5 2. Nf3 d6 3. Nc3 Nf6 4. d4 cxd4 5. Nxd4 a6 6. Be3 g6 7. a3 Bg7 8. Qd3
O-O 9. h3 b5 10. Be2 Bb7 11. O-O-O Nbd7 12. g4 Nc5 13. Qd2 Nfxe4 14. Nxe4 Bxe4
15. f3 Bb7 16. Rhf1 Rc8 17. f4 Bxd4 18. Bxd4 Nb3+ 19. Kb1 Nxd2+ 20. Rxd2 e6 21.
h4 Qxh4 22. g5 Qh3 23. Bd3 Be4 24. Re1 Bxd3 25. Rxd3 Qf5 26. Rh1 Qxf4 27. Bf6
Qf2 28. Rxh7 Qxc2+ 29. Ka2 Qc4+ 30. Kb1 Qxd3+ 31. Ka2 Kxh7 0-1

[Event "Alekhine U1400"]
[Site "Gatineau CAN"]
[Date "2023.01.17"]
[Round "1"]
[White "Levesque, Sabin"]
[Black "Deschenes, Ryan"]
[Result "1-0"]
[WhiteElo "950"]
[BlackElo "1000"]
[PlyCount "53"]
[EventDate "2023.01.17"]
[EventType "swiss"]
[EventRounds "7"]
[EventCountry "CAN"]
[TimeControl "60+30"]

1. d4 d5 2. Bf4 Nf6 3. Nc3 Nc6 4. e3 Bg4 5. Qd3 Nb4 6. Qb5+ c6 7. Qxb4 a5 8.
Qxb7 Bd7 9. Nf3 Rb8 10. Qa7 Ra8 11. Qc5 e6 12. Bd6 Bxd6 13. Qxd6 Qb6 14. Ne5
Qxb2 15. Kd2 Qxa1 16. g4 Ra7 17. g5 Nh5 18. g6 Rf8 19. Na4 Qxa2 20. Nb6 Rb7 21.
gxf7+ Kd8 22. Qxf8+ Kc7 23. Qc5 Rxb6 24. f8=Q Rb2 25. Qfd6+ Kb7 26. Qxd7+ Ka8
27. Qca7# 1-0

[Event "Alekhine U1400"]
[Site "Gatineau CAN"]
[Date "2023.01.17"]
[Round "1"]
[White "Radojicic, Lazar"]
[Black "Arcand, Pierre"]
[Result "0-1"]
[WhiteElo "1100"]
[BlackElo "1165"]
[PlyCount "102"]
[EventDate "2023.01.17"]
[EventType "swiss"]
[EventRounds "7"]
[EventCountry "CAN"]

1. e4 e5 2. Nf3 Nc6 3. Bc4 h6 4. Nc3 d6 5. d3 Bg4 6. O-O Nf6 7. Nd5 Be7 8. h3
Bxf3 9. Qxf3 Nd4 10. Qd1 c6 11. Nxe7 Qxe7 12. c3 Ne6 13. Be3 O-O 14. b4 b5 15.
Bb3 a5 16. a3 a4 17. Ba2 Rac8 18. c4 bxc4 19. Bxc4 c5 20. b5 Ra8 21. Bd5 Nxd5
22. exd5 Nd4 23. Rc1 Nxb5 24. Rb1 Nc3 25. Qg4 Nxb1 26. Bxh6 Qf6 27. Rxb1 Qxh6
28. Rb6 Rfd8 29. Rb7 Qc1+ 30. Kh2 Qf4+ 31. Qxf4 exf4 32. Re7 Re8 33. Rd7 Ra6
34. g3 fxg3+ 35. Kxg3 Re5 36. Rd8+ Kh7 37. Rd7 f6 38. Kf3 Rxd5 39. Ke3 Rh5 40.
f3 Rxh3 41. Ke4 Rh5 42. f4 f5+ 43. Kd5 Rh4 44. Rxd6 Rxd6+ 45. Kxd6 Rxf4 46.
Kxc5 Rf3 47. d4 Rxa3 48. Kd5 Rd3 49. Ke5 a3 50. Kxf5 a2 51. Ke5 a1=Q 0-1

[Event "Alekhine U1400"]
[Site "Gatineau CAN"]
[Date "2023.01.17"]
[Round "1"]
[White "Roy, Dominique"]
[Black "Radojicic, Janko"]
[Result "0-1"]
[WhiteElo "1100"]
[BlackElo "1100"]
[PlyCount "118"]
[EventDate "2023.01.17"]
[EventType "swiss"]
[EventRounds "7"]
[EventCountry "CAN"]
[TimeControl "60+30"]

1. e4 c5 2. Nf3 Nc6 3. Bc4 Nf6 4. d4 e6 5. O-O Nxe4 6. d5 Ne7 7. Re1 Nf6 8. Nc3
Qb6 9. d6 Nf5 10. Nb5 Nxd6 11. Qd3 a6 12. Nxd6+ Bxd6 13. Bg5 Be7 14. Qb3 Qxb3
15. Bxb3 d5 16. c3 c4 17. Bc2 O-O 18. Ne5 h6 19. Bh4 Re8 20. Bd1 Nd7 21. Bg3
Bf6 22. Ba4 b5 23. Bc2 Bxe5 24. Bxe5 f6 25. Bd6 Kf7 26. h4 h5 27. Re3 Nf8 28.
Rg3 Kg8 29. Bxf8 Rxf8 30. Bg6 Bd7 31. Bxh5 a5 32. Rd1 b4 33. Rd4 f5 34. Rg5 Be8
35. Bxe8 Raxe8 36. h5 Rf6 37. Rh4 Kf7 38. Kf1 Rh8 39. g3 Rfh6 40. Ke2 Kf6 41.
f4 e5 42. Ke3 Re8 43. Kd2 d4 44. cxd4 exd4 45. Rh1 g6 46. g4 fxg4 47. Rxg4 gxh5
48. Rg5 Re4 49. Rxa5 Rxf4 50. Ra4 Rf2+ 51. Ke1 Rxb2 52. Rf1+ Ke5 53. a3 Rb1+
54. Ke2 Rxf1 55. Kxf1 bxa3 56. Rxa3 Ke4 57. Ke2 d3+ 58. Kd2 Kd4 59. Ra4 h4 0-1

[Event "Alekhine U1400"]
[Site "Gatineau CAN"]
[Date "2023.01.17"]
[Round "1"]
[White "Villeneuve, Denis"]
[Black "Couture, Vincent"]
[Result "1-0"]
[WhiteElo "1374"]
[BlackElo "1435"]
[PlyCount "39"]
[EventDate "2023.01.17"]
[EventType "swiss"]
[EventRounds "7"]
[EventCountry "CAN"]
[TimeControl "60+30"]

1. e4 e5 2. Nf3 Nc6 3. d4 exd4 4. Bc4 h6 5. O-O Bc5 6. c3 dxc3 7. Bxf7+ Kf8 8.
Nxc3 Nf6 9. Bb3 d6 10. h3 a6 11. Qe2 Na5 12. Bc2 Be6 13. e5 dxe5 14. Nxe5 Qe7
15. Ng6+ Ke8 16. Nxe7 Kxe7 17. Re1 Kf7 18. Qxe6+ Kf8 19. Bg6 Bxf2+ 20. Kxf2 1-0

[Event "Alekhine U1400"]
[Site "Gatineau CAN"]
[Date "2023.01.24"]
[Round "2"]
[White "Chartrand, Alexis"]
[Black "Albert, Michel"]
[Result "1-0"]
[WhiteElo "1144"]
[BlackElo "1194"]
[PlyCount "49"]
[EventDate "2023.01.17"]
[EventType "swiss"]
[EventRounds "7"]
[EventCountry "CAN"]
[TimeControl "60+30"]

1. c4 e6 2. Nf3 c5 3. e3 d5 4. cxd5 Qxd5 5. Nc3 Qd8 6. Bb5+ Bd7 7. Qa4 a6 8.
Ne5 Nf6 9. Nxd7 Nbxd7 10. Bxd7+ Nxd7 11. d4 Rc8 12. O-O Bd6 13. Rd1 O-O 14.
dxc5 b5 15. cxb6 Qxb6 16. Qxd7 Bb8 17. b3 Rxc3 18. Ba3 Rfc8 19. Rac1 Rxc1 20.
Rxc1 Rd8 21. Rc8 h6 22. Rxd8+ Kh7 23. Rxb8 Qxb8 24. Qxf7 Qc8 25. h3 1-0

[Event "Alekhine U1400"]
[Site "Gatineau CAN"]
[Date "2023.01.24"]
[Round "2"]
[White "Chenard, Paul"]
[Black "Filion, Jean"]
[Result "1-0"]
[WhiteElo "905"]
[BlackElo "900"]
[PlyCount "123"]
[EventDate "2023.01.17"]
[EventType "swiss"]
[EventRounds "7"]
[EventCountry "CAN"]
[TimeControl "60+30"]

1. Nf3 e6 2. d4 Qf6 3. Be3 Nh6 4. Bg5 Qf5 5. Nc3 Bb4 6. Qd2 O-O 7. a3 Bxc3 8.
Qxc3 d6 9. h3 Nc6 10. g4 Qg6 11. e3 f6 12. Bd3 f5 13. O-O-O Qf7 14. e4 fxg4 15.
Nh4 e5 16. Bc4 Be6 17. d5 Bd7 18. dxc6 Bxc6 19. Bxf7+ Rxf7 20. Rde1 Raf8 21.
Qc4 Kh8 22. Qe6 Ba4 23. Be7 Re8 24. Ng6+ hxg6 25. Qxg6 Rexe7 26. hxg4 Rf6 27.
Rxh6+ gxh6 28. Qxf6+ Rg7 29. Rh1 Be8 30. Qxh6+ Kg8 31. Qh8+ Kf7 32. Qh5+ Ke7
33. Qh4+ Kd7 34. Qf6 Rf7 35. Rh7 Rxh7 36. Qf5+ Kc6 37. Qxh7 b5 38. b4 a6 39. c3
Bd7 40. g5 Be6 41. Qh6 Bc4 42. Qh8 Bd3 43. Qe8+ Kb7 44. f3 Kb6 45. Qb8+ Kc6 46.
Qa8+ Kb6 47. Kd2 Bc4 48. g6 Be6 49. Qb8+ Kc6 50. g7 Bc4 51. g8=Q Bxg8 52. Qxg8
Kb6 53. Qd5 Ka7 54. c4 bxc4 55. Qxc4 Kb6 56. a4 Kb7 57. b5 a5 58. Qc6+ Kc8 59.
b6 Kd8 60. Qxc7+ Ke8 61. b7 d5 62. b8=R# 1-0

[Event "Alekhine U1400"]
[Site "Gatineau CAN"]
[Date "2023.01.24"]
[Round "2"]
[White "Deniger, Kim"]
[Black "Roy, Dominique"]
[Result "0-1"]
[WhiteElo "974"]
[BlackElo "1100"]
[PlyCount "142"]
[EventDate "2023.01.17"]
[EventType "swiss"]
[EventRounds "7"]
[EventCountry "CAN"]
[TimeControl "60+30"]

1. e4 Nf6 2. d3 h6 3. Nc3 e6 4. f3 Nc6 5. Nge2 Bc5 6. d4 Bb6 7. Be3 O-O 8. Qd2
Kh7 9. Nf4 d6 10. g3 Na5 11. O-O-O Nc4 12. Bxc4 a5 13. b3 Bd7 14. e5 Ne8 15.
Qd3+ Kh8 16. h4 d5 17. Nfxd5 exd5 18. Bxd5 {la carte de partie dit Cxd5} Bc6
19. Be4 Bxe4 20. Qxe4 c6 21. h5 Qe7 22. Qh4 f6 23. exf6 Nxf6 24. Rhe1 Qd6 25.
Bf4 Qd8 26. Be5 Bc7 27. Bxf6 Qxf6 28. Qxf6 Rxf6 29. f4 Rf5 30. Re7 Rc8 31. Rde1
b5 32. a4 Bd6 33. Re8+ Rxe8 34. Rxe8+ Kh7 35. Ne4 Ba3+ 36. Kd1 Rxh5 37. f5 Rxf5
38. axb5 cxb5 39. Ra8 a4 40. bxa4 b4 41. a5 Rd5 42. Nc5 {la carte dit Cc6. Il
semble que le coup illÃ gal Cc6 ait Ã tÃ  jouÃ . Les coups suivants ajustent
le tir} Rf5 43. Ne6 Re5 44. Nd8 Rd5 45. Nc6 {Fin des coups d'ajustement} Rd6
46. Rc8 Bb2 47. a6 Bxd4 48. Nxb4 Bc5+ 49. Nd3 Bd4 50. Rc5 Bxc5 51. Ke2 Ba7 52.
c4 Rxa6 53. c5 Rc6 54. Ke3 Bxc5+ 55. Nxc5 Rxc5 56. Kf4 g5+ 57. Kg4 Kg6 58. Kf3
Rf5+ 59. Ke4 h5 60. Ke3 h4 61. gxh4 gxh4 62. Ke4 h3 63. Kd4 h2 64. Ke4 h1=Q+
65. Ke3 Qe1+ 66. Kd4 Rf8 67. Kc4 Qd1 68. Kc3 Rc8+ 69. Kb2 Qd2+ 70. Ka3 Rb8 71.
Ka4 Qa2# 0-1

[Event "Alekhine U1400"]
[Site "Gatineau CAN"]
[Date "2023.01.24"]
[Round "2"]
[White "Deschenes, Stephane"]
[Black "Levesque, Sabin"]
[Result "1-0"]
[WhiteElo "1000"]
[BlackElo "950"]
[PlyCount "79"]
[EventDate "2023.01.17"]
[EventType "swiss"]
[EventRounds "7"]
[EventCountry "CAN"]
[TimeControl "60+30"]

1. e4 e5 2. d4 Nc6 3. Nf3 d6 4. Bc4 Be6 5. d5 Bd7 6. dxc6 Bxc6 7. Ng5 Nh6 8.
Nxf7 Nxf7 9. Qf3 d5 10. exd5 Bb4+ 11. Nc3 Bc5 12. O-O Bd7 13. Re1 Qh4 14. Ne4
Bg4 15. Qg3 Qxg3 16. Nxg3 O-O 17. Rf1 Nd6 18. Bd2 Rae8 19. Ne4 Bd4 20. Nxd6
cxd6 21. Bb5 Rc8 22. Ba4 Rf5 23. Bd7 Rxc2 24. Bxf5 Bxf5 25. Rab1 Be4 {
la transcription dit Ff5} 26. b3 Rxa2 27. Be3 Bc3 28. Bg5 Bxd5 29. Be7 Bb4 30.
Rbd1 Bxb3 31. Rc1 Kf7 32. Rc7 Bd5 33. Bxd6+ Ke6 34. Bxb4 a6 35. h3 b5 36. Rxg7
a5 37. Bc3 b4 38. Ba1 a4 39. Re1 e4 40. f3 1-0

[Event "Alekhine U1400"]
[Site "Gatineau CAN"]
[Date "2023.01.24"]
[Round "2"]
[White "Gratton, Marcel"]
[Black "Gagne, Learry"]
[Result "0-1"]
[WhiteElo "1137"]
[BlackElo "1120"]
[PlyCount "86"]
[EventDate "2023.01.17"]
[EventType "swiss"]
[EventRounds "7"]
[EventCountry "CAN"]

1. e4 e6 2. Nf3 d5 3. d3 dxe4 4. dxe4 Qxd1+ 5. Kxd1 Bc5 6. Ke1 Nc6 7. Bb5 Bd7
8. a3 a6 9. Bxc6 Bxc6 10. Nc3 Ne7 11. Bf4 Bd6 12. Be3 e5 13. Ke2 O-O 14. Rhd1
f5 15. Ng5 f4 16. Bc1 Bd7 17. f3 h6 18. Nh3 g5 19. Nf2 Nc6 20. Nd5 Nd4+ 21. Kd3
c5 22. b3 b5 23. Nb6 Rad8 24. Bb2 Rf7 25. Ng4 Bxg4 26. fxg4 f3 27. g3 f2 28.
Bxd4 exd4 29. Rf1 Rf3+ 30. Ke2 Rdf8 31. b4 c4 32. Nd7 Re3+ 33. Kd2 Rf7 34. Nc5
Bxc5 35. bxc5 Rxe4 36. h3 Rf8 37. c3 dxc3+ 38. Kxc3 Re7 39. Rad1 Re6 40. Kb4
Re3 41. Rd2 Rxg3 42. Rdxf2 Rxf2 43. Rxf2 Re3 0-1

[Event "Alekhine U1400"]
[Site "Gatineau CAN"]
[Date "2023.01.24"]
[Round "2"]
[White "Laflamme, Mathieu"]
[Black "Arvisais, Eric"]
[Result "1-0"]
[WhiteElo "1230"]
[BlackElo "1185"]
[PlyCount "71"]
[EventDate "2023.01.17"]
[EventType "swiss"]
[EventRounds "7"]
[EventCountry "CAN"]
[TimeControl "60+30"]

1. d4 e5 2. dxe5 Bc5 3. Nf3 d6 4. Nc3 Ne7 5. e3 O-O 6. b3 Bg4 7. h3 Bh5 8. Be2
Nbc6 9. exd6 Bxd6 10. Bb2 Qd7 11. O-O h6 12. Ne4 Rad8 13. Nxd6 cxd6 14. Qd3 Rc8
15. Rfe1 Bg6 16. Qc3 f6 17. Rad1 Qe6 18. Nd4 Qd7 19. Nb5 d5 20. Rd2 a6 21. Nd4
Ne5 22. Qb4 N5c6 23. Nxc6 Rxc6 24. c4 Bf7 25. Ba3 Rfc8 26. Red1 Rc5 27. Qc3
R5c6 28. Qd4 Qf5 29. cxd5 Rc1 30. Bxc1 Ng6 31. Bg4 Qg5 32. Bxc8 Nh4 33. Qg4 Qe5
34. Qxh4 g5 35. Qd4 Qf5 36. Bxf5 1-0

[Event "Alekhine U1400"]
[Site "Gatineau CAN"]
[Date "2023.01.24"]
[Round "2"]
[White "Moraga, Hernan"]
[Black "Poitras, Sylvain"]
[Result "0-1"]
[WhiteElo "1235"]
[BlackElo "1308"]
[PlyCount "137"]
[EventDate "2023.01.17"]
[EventType "swiss"]
[EventRounds "7"]
[EventCountry "CAN"]
[TimeControl "60+30"]

1. e4 e6 2. d4 b6 3. Nc3 Bb7 4. g3 Bb4 5. Bd2 Bxc3 6. Bxc3 f5 7. Bg2 fxe4 8.
Ne2 Nf6 9. Nc1 O-O 10. O-O d5 11. Bb4 Re8 12. Nb3 Na6 13. Bd2 c5 14. a3 c4 15.
Nc1 Rc8 16. c3 Nb8 17. Bg5 Nbd7 18. Ne2 h6 19. Bxf6 Qxf6 20. Nf4 Nf8 21. Qg4
Qf5 22. Qh5 Qxh5 23. Nxh5 e5 24. dxe5 Rxe5 25. Nf4 Ne6 26. Ng6 Rg5 27. Ne7+ Kh7
28. Nxc8 Bxc8 29. Bh3 Kh8 30. Rad1 Bd7 31. Rfe1 Nc5 32. Kg2 Bc6 33. Kf1 Rg6 34.
Bf5 Rf6 35. Bh3 Nd3 36. Re2 h5 37. Bg2 g5 38. Kg1 h4 39. g4 Nf4 40. Rc2 Nxg2
41. Kxg2 Rf4 42. h3 Ba4 43. Rdd2 Bxc2 44. Rxc2 Rf8 45. Rd2 Rd8 46. Kf1 Kg7 47.
Ke2 Kf6 48. Ke3 Ke5 49. Rd4 b5 50. b3 a5 51. Rd1 Rf8 52. a4 Rf3+ 53. Ke2 bxa4
54. bxc4 dxc4 55. Ra1 Rxc3 56. Rxa4 Kd4 57. Rxa5 Rxh3 58. Rxg5 c3 59. Rg8 c2
60. Rc8 Rc3 61. Rd8+ Kc4 62. Rc8+ Kb3 63. Rb8+ Ka2 64. Ra8+ Kb2 65. Rb8+ Rb3
66. Rxb3+ Kxb3 67. Ke3 c1=Q+ 68. Kxe4 Qg5 69. f3 0-1

[Event "Alekhine U1400"]
[Site "Gatineau CAN"]
[Date "2023.01.24"]
[Round "2"]
[White "Paradis, Emile"]
[Black "Couture, Vincent"]
[Result "1-0"]
[WhiteElo "1432"]
[BlackElo "1435"]
[PlyCount "51"]
[EventDate "2023.01.17"]
[EventType "swiss"]
[EventRounds "7"]
[EventCountry "CAN"]
[TimeControl "60+30"]

1. e4 e5 2. Nf3 Nc6 3. Bc4 h6 4. d4 exd4 5. Nxd4 Bc5 6. Qh5 Qe7 7. Bxf7+ Qxf7
8. Qxc5 Nf6 9. Nxc6 bxc6 10. O-O d6 11. Qxc6+ Qd7 12. Qxa8 O-O 13. Nc3 Ba6 14.
Qxa7 Bxf1 15. Kxf1 Ng4 16. Be3 Qe7 17. h3 Ne5 18. Nd5 Qd7 19. Qxc7 Qb5+ 20. Kg1
Ng6 21. Qxd6 Qxb2 22. Bd4 Qxc2 23. Qxg6 Rf7 24. Nf6+ Rxf6 25. Bxf6 Qc7 26.
Qxg7+ 1-0

[Event "Alekhine U1400"]
[Site "Gatineau CAN"]
[Date "2023.01.24"]
[Round "2"]
[White "Radojicic, Janko"]
[Black "Deschenes, Ryan"]
[Result "1-0"]
[WhiteElo "1100"]
[BlackElo "1000"]
[PlyCount "75"]
[EventDate "2023.01.17"]
[EventType "swiss"]
[EventRounds "7"]
[EventCountry "CAN"]
[TimeControl "60+30"]

1. e4 e5 2. Nf3 (2. d4 f6) 2... d5 3. Nc3 Nf6 4. d3 Nc6 5. Bg5 h6 6. Bxf6 gxf6
7. exd5 Nd4 8. Be2 Qe7 9. Nxd4 exd4 10. Ne4 Qb4+ 11. c3 Qxb2 12. c4 Rg8 13.
Nxf6+ Ke7 14. Nxg8+ Ke8 15. O-O Bb4 16. Rb1 Qxa2 17. Rxb4 Qa5 18. Qa4+ Qxa4 19.
Rxa4 Bd7 20. Rb4 Bc8 21. Nxh6 c5 22. Rb2 a5 23. Bh5 a4 24. Ra1 Bf5 25. Rxb7
Bxd3 26. Nf5 {la carte dit Ne5. Les prochains coups sont ajustÃ s pour reflÃ
 ter ce coup illÃ gal} Be4 27. Ne3 Bd3 28. Ng4 Kf8 {
Le coup du Kf8 n'Ã tait pas notÃ  sur la carte, mais doit avoir Ã tÃ  jouÃ }
29. Ne5 {retour Ã  la transcription de la carte} Bc2 30. Nd7+ Kg8 31. Nxc5 a3
32. d6 a2 33. d7 Rd8 34. Ne6 Ra8 35. d8=Q+ Rxd8 36. Nxd8 d3 37. Re1 d2 38. Re8+
1-0

[Event "Alekhine U1400"]
[Site "Gatineau CAN"]
[Date "2023.01.24"]
[Round "2"]
[White "Radojicic, Lazar"]
[Black "Filion, Samuel"]
[Result "0-1"]
[WhiteElo "1100"]
[BlackElo "1118"]
[PlyCount "78"]
[EventDate "2023.01.17"]
[EventType "swiss"]
[EventRounds "7"]
[EventCountry "CAN"]
[TimeControl "60+30"]

1. e4 d5 2. exd5 Qxd5 3. Nc3 Qa5 4. Nf3 Bf5 5. Bc4 e6 6. O-O c6 7. d4 Bd6 8.
Be3 Nf6 9. a3 Ne4 10. b4 Qc7 11. Nxe4 Bxe4 12. c3 Bxf3 13. Qxf3 Bxh2+ 14. Kh1
Bd6 15. Qh5 Bf4 16. Bxf4 Qxf4 17. Bxe6 O-O 18. Qg4 Qh6+ 19. Qh3 Qxe6 20. Qxe6
fxe6 21. Rae1 Rf6 22. c4 Nd7 23. d5 cxd5 24. cxd5 exd5 25. Re7 Rf7 26. Rfe1 Kf8
27. R7e3 Rxf2 28. Rd1 Re8 29. Rxe8+ Kxe8 30. Rxd5 g6 31. Kh2 Rf5 32. Rd4 Re5
33. a4 Nf6 34. Kg3 Re4 35. Rd6 Ke7 36. Rd3 Rxb4 37. a5 Ra4 38. Rb3 Rxa5 39.
Rxb7+ Nd7 0-1